Understanding Business (Record no. 4056)

MARC details
005 - DATE AND TIME OF LATEST TRANSACTION
control field 20250614082931.0
020 ## - INTERNATIONAL STANDARD BOOK NUMBER
International Standard Book Number 0-07-245584-5
082 ## - DEWEY DECIMAL CLASSIFICATION NUMBER
Classification number 650 NIC
100 ## - MAIN ENTRY--PERSONAL NAME
Author name NICKELS, G. W
245 ## - TITLE STATEMENT
Title Understanding Business
250 ## - EDITION STATEMENT
Edition statement 6th Ed.
260 ## - PUBLICATION, DISTRIBUTION, ETC.
Place of publication, distribution, etc. Boston
Name of publisher, distributor, etc. McGraw-Hill Irwin
Date of publication, distribution, etc. 2002
300 ## - PHYSICAL DESCRIPTION
Extent 865p.
Dimensions 26cm
700 ## - ADDED ENTRY--PERSONAL NAME
Other authors/Editors James M. McHugh
942 ## - ADDED ENTRY ELEMENTS (KOHA)
Source of classification or shelving scheme Dewey Decimal Classification
Koha item type Books
Holdings
Date last seen Total checkouts Full call number Barcode Cost, replacement price Price effective from Koha item type Lost status Source of classification or shelving scheme Damaged status Not for loan Withdrawn status Home library Current library Shelving location Date acquired Source of acquisition Cost, normal purchase price
06/14/2025   650 NIC MZA000958 150000.00 06/14/2025 Books   Dewey Decimal Classification       CBE Mwanza CBE Mwanza General Collection 07/01/2007 Library Budget 50000.00
06/14/2025   650 NIC MZA000959 150000.00 06/14/2025 Books   Dewey Decimal Classification       CBE Mwanza CBE Mwanza General Collection 07/01/2007 Library Budget 50000.00
06/14/2025   650 NIC MZA000960 150000.00 06/14/2025 Books   Dewey Decimal Classification       CBE Mwanza CBE Mwanza General Collection 07/01/2007 Library Budget 50000.00
06/14/2025   650 NIC MZA000961 150000.00 06/14/2025 Books   Dewey Decimal Classification       CBE Mwanza CBE Mwanza General Collection 07/01/2007 Library Budget 50000.00
06/14/2025   650 NIC MZA000962 150000.00 06/14/2025 Books   Dewey Decimal Classification       CBE Mwanza CBE Mwanza General Collection 07/01/2007 Library Budget 50000.00